Daddy Issues - The Neighbourhood - Statistics

General Stats
  • This quiz has been taken 161 times
  • The average score is 331 of 401
Answer Stats
% Correct
a
100%
I
100%
to
98%
you
98%
You
98%
daddy
96%
Go
96%
go
96%
go?
96%
And
94%
and
94%
issues
94%
issues,
94%
do
93%
know
92%
girl
91%
it
91%
little
91%
my
91%
what
91%
your
91%
got
90%
that
90%
like
88%
me
88%
cry,
86%
cry
86%
too
86%
Where
84%
Whatever
82%
whatever
82%
with
82%
ahead
81%
But
81%
So
81%
the
81%
The
81%
if
80%
If
80%
I'd
79%
I'm
79%
on
79%
could
78%
does
78%
Take
78%
ask
77%
for
77%
Nobody
77%
tell
77%
Tell
77%
were
77%
never
76%
in
74%
thinking
74%
when
74%
about
73%
did
73%
I'll
73%
taste
73%
It's
72%
tried
72%
drug
71%
friend
71%
have
71%
rain
71%
came
70%
crazy
70%
time
70%
tongue
69%
you're
69%
boy
67%
name
67%
run
67%
write
67%
forget
66%
how
66%
How
66%
again
64%
away
64%
much
64%
something
64%
at
63%
hide
63%
let
62%
matters
62%
sun
62%
Always
61%
worst
61%
you'll
60%
made
58%
might
58%
first
56%
comes
54%
now
54%
left
53%
went
53%
didn't
52%
gotta
52%
here
52%
out
52%
of
51%
through
51%
not
49%
This
49%
has
47%
hurts
47%
just
47%
trying
46%
getting
44%
shade
44%
dying
43%
keep
43%
mama
43%
dead
42%
entirely
42%
Half
41%
disappeared
39%
soon,
37%
No matching quizzes found
Score Distribution
Percent of People with Each Score
Percentile by Number Answered
Your Score History
You have not taken this quiz